[Event "Chigorin Memorial 21st"]
[Site "St Petersburg"]
[Date "2013.10.07"]
[Round "3"]
[White "Dyakov, Vladislav"]
[Black "Elizarova, Taisia"]
[Result "0-1"]
[WhiteElo "1879"]
[BlackElo "1715"]
[PlyCount "82"]
[EventDate "2013.10.05"]
[EventType "swiss"]
[EventRounds "9"]
[EventCountry "RUS"]
[SourceTitle "CBM 156 Extra"]
[Source "ChessBase"]
[SourceDate "2013.10.22"]
[SourceVersion "1"]
[SourceVersionDate "2013.10.22"]
[SourceQuality "1"]

1. e4 e6 2. d4 d5 3. Nc3 Nf6 4. Bg5 dxe4 5. Nxe4 Nbd7 6. Nf3 Be7 7. Nxf6+ Bxf6 8. Bxf6 Qxf6 9. Qd2 c5 10. 0-0-0 0-0 11. h4 cxd4 12. Nxd4 Nc5 13. Qe3 b6 14. h5 h6 15. Rg1 Bb7 16. g4 e5 17. Nf5 Rfd8 18. Bh3 Qg5 19. Qxg5 hxg5 20. Rge1 f6 21. Nd6 Bf3 22. Rd2 Ne6 23. Re3 Bc6 24. Bf1 Nd4 25. Bc4+ Kf8 26. Nf7 Rd7 27. c3 Rc8 28. Kb1 b5 29. h6 gxh6 30. cxd4 bxc4 31. Nxh6 exd4 32. Re6 Kg7 33. Nf5+ Kf7 34. Re1 d3 35. a3 Rb8 36. Ne3 c3 37. Rdd1 Rxb2+ 38. Ka1 d2 39. Rf1 Bf3 40. Rb1 Rxb1+ 41. Kxb1 d1Q+ 0-1

[Event "Chigorin Memorial 21st"]
[Site "St Petersburg"]
[Date "2013.10.05"]
[Round "1"]
[White "Dyakov, Vladislav"]
[Black "Demianjuk, Alexander"]
[Result "0-1"]
[WhiteElo "1879"]
[BlackElo "2355"]
[PlyCount "56"]
[EventDate "2013.10.05"]
[EventType "swiss"]
[EventRounds "9"]
[EventCountry "RUS"]
[SourceTitle "CBM 156 Extra"]
[Source "ChessBase"]
[SourceDate "2013.10.22"]
[SourceVersion "1"]
[SourceVersionDate "2013.10.22"]
[SourceQuality "1"]

1. e4 c5 2. Nf3 Nc6 3. d4 cxd4 4. Nxd4 Qb6 5. Nb3 Nf6 6. Nc3 e6 7. Be3 Qc7 8. Be2 Bb4 9. f3 d5 10. Nd2 Bxc3 11. bxc3 Qe5 12. 0-0 Qxc3 13. Bf2 0-0 14. Rb1 Rd8 15. Rb3 Qa5 16. Qc1 Qc7 17. Rd1 b6 18. Qb2 dxe4 19. Nxe4 Rxd1+ 20. Bxd1 Nxe4 21. fxe4 Bb7 22. Rg3 e5 23. Be2 Rd8 24. Qc3 Qe7 25. Be3 Nd4 26. Bc4 Qc5 27. Kf1 Ba6 28. Ke1 Qxc4 0-1

[Event "Chigorin Memorial 20th"]
[Site "St Petersburg"]
[Date "2012.11.03"]
[Round "8"]
[White "Dyakov, Vladislav"]
[Black "Lazarev, Alexander A"]
[Result "1-0"]
[WhiteElo "1854"]
[BlackElo "1883"]
[PlyCount "49"]
[EventDate "2012.10.27"]
[EventType "swiss"]
[EventRounds "9"]
[EventCountry "RUS"]
[SourceTitle "EXT 2013"]
[Source "ChessBase"]
[SourceDate "2012.11.22"]
[SourceVersion "1"]
[SourceVersionDate "2012.11.22"]
[SourceQuality "1"]

1. e4 e5 2. Nf3 Nc6 3. Bc4 Bc5 4. c3 Nf6 5. d4 exd4 6. cxd4 Bb4+ 7. Nc3 Nxe4 8. 0-0 Bxc3 9. d5 Bf6 10. Re1 Ne7 11. Rxe4 d6 12. Bg5 Bxg5 13. Nxg5 0-0 14. Nxh7 Kxh7 15. Qh5+ Kg8 16. Rh4 f5 17. Qh7+ Kf7 18. Rh6 Bd7 19. Be2 Ke8 20. Bh5+ g6 21. Bxg6+ Nxg6 22. Qxg6+ Rf7 23. Rh8+ Ke7 24. Re1+ Be6 25. Qxe6# 1-0

[Event "Chigorin Memorial 20th"]
[Site "St Petersburg"]
[Date "2012.10.27"]
[Round "1"]
[White "Mikhailov, Viacheslav"]
[Black "Dyakov, Vladislav"]
[Result "1-0"]
[WhiteElo "2326"]
[BlackElo "1854"]
[PlyCount "55"]
[EventDate "2012.10.27"]
[EventType "swiss"]
[EventRounds "9"]
[EventCountry "RUS"]
[SourceTitle "EXT 2013"]
[Source "ChessBase"]
[SourceDate "2012.11.22"]
[SourceVersion "1"]
[SourceVersionDate "2012.11.22"]
[SourceQuality "1"]

1. e4 c5 2. Nf3 Nc6 3. Bb5 g6 4. 0-0 Bg7 5. Re1 Nf6 6. e5 Nd5 7. Nc3 Nc7 8. Bxc6 dxc6 9. Ne4 b6 10. Nf6+ Bxf6 11. exf6 Be6 12. fxe7 Qxe7 13. Ne5 Qd6 14. Qf3 Qd5 15. Qf6 0-0 16. d3 Ne8 17. Qh4 f6 18. Nf3 Ng7 19. b3 Nf5 20. Qf4 Nd4 21. Nxd4 cxd4 22. Bd2 c5 23. Re2 Rae8 24. Rae1 Rf7 25. Qg3 Rff8 26. Bh6 Rf7 27. Rxe6 Rxe6 28. Qb8+ 1-0

[Event "St Petersburg Botvinnik Memorial op"]
[Site "St Petersburg"]
[Date "2012.08.31"]
[Round "7"]
[White "Yakovlev, Yuri S"]
[Black "Dyakov, Vladislav"]
[Result "1-0"]
[WhiteElo "2035"]
[BlackElo "1855"]
[PlyCount "57"]
[EventDate "2012.08.25"]
[EventType "swiss"]
[EventRounds "9"]
[EventCountry "RUS"]
[SourceTitle "CBM 150 Extra"]
[Source "ChessBase"]
[SourceDate "2012.10.19"]
[SourceVersion "1"]
[SourceVersionDate "2012.10.19"]
[SourceQuality "1"]

1. e4 c5 2. Nf3 d6 3. c4 e5 4. h3 f5 5. d3 Nf6 6. Nc3 Be7 7. exf5 Bxf5 8. g4 Bd7 9. g5 Ng8 10. Bg2 Nc6 11. Be3 Be6 12. Nd2 Qd7 13. Bd5 0-0-0 14. Bxe6 Qxe6 15. Nd5 Nd4 16. Ne4 Bf8 17. Bxd4 exd4 18. Qg4 Qxg4 19. hxg4 Ne7 20. Nf4 Kd7 21. Kd2 h6 22. b4 b6 23. b5 g6 24. Nf6+ Kc8 25. Ne6 Bg7 26. Nxg7 Rdf8 27. Rae1 Rf7 28. Nge8 Kb8 29. Nxd6 1-0

[Event "St Petersburg Botvinnik Memorial op"]
[Site "St Petersburg"]
[Date "2012.08.28"]
[Round "4"]
[White "Dyakov, Vladislav"]
[Black "Bogachkova, Alena"]
[Result "0-1"]
[WhiteElo "1855"]
[BlackElo "2086"]
[PlyCount "114"]
[EventDate "2012.08.25"]
[EventType "swiss"]
[EventRounds "9"]
[EventCountry "RUS"]
[SourceTitle "CBM 150 Extra"]
[Source "ChessBase"]
[SourceDate "2012.10.19"]
[SourceVersion "1"]
[SourceVersionDate "2012.10.19"]
[SourceQuality "1"]

1. e4 e6 2. d4 d5 3. Nc3 Bb4 4. e5 Ne7 5. Bd2 c5 6. Nb5 Bxd2+ 7. Qxd2 0-0 8. c3 b6 9. Nd6 Ba6 10. Bxa6 Nxa6 11. f4 Nb8 12. Ne2 Nbc6 13. 0-0 f5 14. Rf3 Nc8 15. Nb5 a6 16. Na3 c4 17. Ng3 g6 18. Nf1 b5 19. Nc2 Nb6 20. Rh3 Qe7 21. Ne1 a5 22. Nf3 Kg7 23. Ng5 h6 24. Nf3 b4 25. Nh4 bxc3 26. bxc3 Qa3 27. Qe2 Ne7 28. Nxg6 Nxg6 29. Qh5 Rg8 30. Qxh6+ Kf7 31. Qg5 Qe7 32. Rh7+ Rg7 33. Qh6 Rag8 34. Rxg7+ Rxg7 35. Rb1 Na4 36. Ng3 Nf8 37. Rb8 Rg6 38. Qh8 Nxc3 39. Nh5 Ne2+ 40. Kf1 Nxd4 41. Nf6 c3 42. g3 Nc2 43. Kg2 d4 44. Nh7 Ne3+ 45. Kh1 Rg8 46. Rxf8+ Rxf8 47. Nxf8 Qxf8 48. Qf6+ Ke8 49. Qxe6+ Qe7 50. Qc6+ Qd7 51. Qg6+ Kd8 52. Qf6+ Kc8 53. Kg1 c2 54. Qa6+ Qb7 55. Qe6+ Kb8 56. Qd6+ Qc7 57. Qf8+ Ka7 0-1

[Event "St Petersburg Blockade op"]
[Site "St Petersburg"]
[Date "2012.01.11"]
[Round "9"]
[White "Dyakov, Vladislav"]
[Black "Ngnegevo, Filipp"]
[Result "0-1"]
[WhiteElo "1840"]
[BlackElo "1991"]
[PlyCount "94"]
[EventDate "2012.01.03"]
[EventType "swiss"]
[EventRounds "9"]
[EventCountry "RUS"]
[SourceTitle "EXT 2014"]
[Source "ChessBase"]
[SourceDate "2013.11.20"]
[SourceVersion "1"]
[SourceVersionDate "2013.11.20"]
[SourceQuality "1"]

1. e4 c5 2. Nf3 d6 3. d4 cxd4 4. Nxd4 Nf6 5. Nc3 a6 6. Be2 e5 7. Nb3 Be6 8. Be3 Nbd7 9. Qd3 Be7 10. Nd5 Bxd5 11. exd5 Rc8 12. c4 0-0 13. 0-0 Ne8 14. Rac1 Bg5 15. Rc2 Bxe3 16. fxe3 Qb6 17. Kh1 a5 18. a4 Nc5 19. Nxc5 Rxc5 20. Rf3 Qb4 21. b3 Nf6 22. e4 Rcc8 23. Rc3 Qb6 24. Rh3 Qd4 25. Bf3 Qxd3 26. Rxd3 Rc7 27. Rd2 Nd7 28. Rb2 Nc5 29. Kg1 g6 30. Rg3 Kg7 31. h4 f5 32. exf5 Rxf5 33. Rg4 Rcf7 34. Kh2 Rf4 35. Rxf4 Rxf4 36. Kg3 b6 37. Rb1 Nd3 38. Rd1 Nb4 39. Rd2 Kf6 40. Bg4 h6 41. Be6 Na6 42. Bh3 g5 43. hxg5+ hxg5 44. Bg4 Nc5 45. Bf3 g4 46. b4 axb4 47. Rc2 gxf3 0-1

[Event "St Petersburg Blockade op"]
[Site "St Petersburg"]
[Date "2012.01.10"]
[Round "8"]
[White "Kholova, Elena"]
[Black "Dyakov, Vladislav"]
[Result "1/2-1/2"]
[WhiteElo "1743"]
[BlackElo "1840"]
[PlyCount "124"]
[EventDate "2012.01.03"]
[EventType "swiss"]
[EventRounds "9"]
[EventCountry "RUS"]
[SourceTitle "EXT 2014"]
[Source "ChessBase"]
[SourceDate "2013.11.20"]
[SourceVersion "1"]
[SourceVersionDate "2013.11.20"]
[SourceQuality "1"]

1. d4 Nf6 2. Nf3 g6 3. Nbd2 Bg7 4. e4 d6 5. c3 0-0 6. Bd3 Nbd7 7. 0-0 e5 8. Re1 h6 9. Nf1 b6 10. Qc2 Bb7 11. Ng3 Re8 12. d5 Rf8 13. h3 Nc5 14. Bf1 Nh7 15. b4 Nd7 16. Be3 Bc8 17. Bd3 Nb8 18. Rad1 h5 19. Qd2 h4 20. Ne2 f5 21. exf5 gxf5 22. Ng5 Nf6 23. Ne6 Bxe6 24. dxe6 f4 25. Nxf4 exf4 26. Bxf4 Nc6 27. Bh6 Bxh6 28. Qxh6 Qe7 29. Qxh4 Nh7 30. Qe4 Ng5 31. Qxc6 Qg7 32. Re3 Qf6 33. Rf1 Nxe6 34. Qd5 Rfe8 35. Rg3+ Kf8 36. Rg6 Qf7 37. Re1 Nf4 38. Qxf7+ Kxf7 39. Rxe8 Rxe8 40. Rg3 Re1+ 41. Kh2 Nxd3 42. Rxd3 Re2 43. Rf3+ Kg6 44. a3 Ra2 45. c4 Rc2 46. a4 Rxc4 47. Rb3 d5 48. Kg3 d4 49. f3 Rc3 50. Rb1 Ra3 51. Rd1 c5 52. bxc5 bxc5 53. Rc1 Rc3 54. Rd1 d3 55. Kf2 c4 56. Ke3 Rc2 57. Rd2 Rc1 58. Kd4 Kg5 59. g3 Kf6 60. h4 Rc2 61. Ke3 Rc1 62. Kd4 Rc2 1/2-1/2

[Event "St Petersburg Blockade op"]
[Site "St Petersburg"]
[Date "2012.01.09"]
[Round "7"]
[White "Dyakov, Vladislav"]
[Black "Kamnev, Alexander"]
[Result "1/2-1/2"]
[WhiteElo "1840"]
[BlackElo "1793"]
[PlyCount "59"]
[EventDate "2012.01.03"]
[EventType "swiss"]
[EventRounds "9"]
[EventCountry "RUS"]
[SourceTitle "EXT 2014"]
[Source "ChessBase"]
[SourceDate "2013.11.20"]
[SourceVersion "1"]
[SourceVersionDate "2013.11.20"]
[SourceQuality "1"]

1. e4 c5 2. Nf3 Nc6 3. d4 cxd4 4. Nxd4 Nf6 5. Nc3 e5 6. Ndb5 d6 7. Bg5 a6 8. Na3 b5 9. Nd5 Be7 10. Bxf6 Bxf6 11. c3 0-0 12. Nc2 Bg5 13. g3 Ne7 14. Ncb4 Be6 15. Bg2 a5 16. Nxe7+ Qxe7 17. Nd5 Qb7 18. 0-0 Bxd5 19. exd5 f5 20. Qe2 Bh6 21. a4 b4 22. c4 Rac8 23. b3 g6 24. Ra2 Qa7 25. Rc2 Kh8 26. Kh1 Rf7 27. Bh3 Qe7 28. Re1 Qa7 29. Rf1 Qe7 30. Re1 1/2-1/2

[Event "St Petersburg Blockade op"]
[Site "St Petersburg"]
[Date "2012.01.08"]
[Round "6"]
[White "Timirev, Sergey"]
[Black "Dyakov, Vladislav"]
[Result "0-1"]
[WhiteElo "1803"]
[BlackElo "1840"]
[PlyCount "62"]
[EventDate "2012.01.03"]
[EventType "swiss"]
[EventRounds "9"]
[EventCountry "RUS"]
[SourceTitle "EXT 2014"]
[Source "ChessBase"]
[SourceDate "2013.11.20"]
[SourceVersion "1"]
[SourceVersionDate "2013.11.20"]
[SourceQuality "1"]

1. d4 Nf6 2. c4 g6 3. Nc3 Bg7 4. e4 d6 5. f4 0-0 6. Nf3 Na6 7. Be2 e5 8. dxe5 dxe5 9. Nxe5 Nc5 10. Bf3 Qxd1+ 11. Kxd1 Rd8+ 12. Kc2 Ne8 13. Nd5 f6 14. Be3 Bf8 15. Bxc5 Bxc5 16. Nd3 Bf8 17. g4 c6 18. Nc3 Be6 19. b3 f5 20. gxf5 gxf5 21. Ne5 Bg7 22. Rad1 Nf6 23. Rxd8+ Rxd8 24. Rd1 Re8 25. Kb2 Bh6 26. Nd3 Kh8 27. e5 Nd7 28. Ne2 Nf8 29. Bh5 Re7 30. Kc2 Rg7 31. Rg1 Ng6 0-1

[Event "St Petersburg Blockade op"]
[Site "St Petersburg"]
[Date "2012.01.04"]
[Round "2"]
[White "Kitsis, Andrey"]
[Black "Dyakov, Vladislav"]
[Result "1-0"]
[WhiteElo "2195"]
[BlackElo "1840"]
[PlyCount "59"]
[EventDate "2012.01.03"]
[EventType "swiss"]
[EventRounds "9"]
[EventCountry "RUS"]
[SourceTitle "EXT 2014"]
[Source "ChessBase"]
[SourceDate "2013.11.20"]
[SourceVersion "1"]
[SourceVersionDate "2013.11.20"]
[SourceQuality "1"]

1. Nf3 Nf6 2. c4 g6 3. g3 Bg7 4. Bg2 d6 5. 0-0 0-0 6. Nc3 Nc6 7. d4 e5 8. Bg5 h6 9. dxe5 hxg5 10. exf6 Bxf6 11. Rc1 Re8 12. b3 Bf5 13. Nd2 Rb8 14. Nde4 Bg7 15. e3 Ne5 16. f3 a6 17. Qe2 Bd7 18. Rfd1 f5 19. Nf2 f4 20. Nfe4 Bh6 21. c5 dxc5 22. Nxc5 fxe3 23. Nxd7 Nxd7 24. Bh3 Re7 25. Nd5 Rf7 26. Be6 Qf8 27. Rxc7 Rd8 28. Rxd7 Rdxd7 29. Nf6+ Kh8 30. Nxd7 1-0

[Event "St Petersburg Autumn op"]
[Site "St Petersburg"]
[Date "2011.11.03"]
[Round "7"]
[White "Dyakov, Vladislav"]
[Black "Kruglikov, Aleksandr"]
[Result "0-1"]
[WhiteElo "1834"]
[BlackElo "1944"]
[PlyCount "102"]
[EventDate "2011.10.28"]
[EventType "swiss"]
[EventRounds "9"]
[EventCountry "RUS"]
[SourceTitle "EXT 2013"]
[Source "ChessBase"]
[SourceDate "2012.11.22"]
[SourceVersion "1"]
[SourceVersionDate "2012.11.22"]
[SourceQuality "1"]

1. e4 e6 2. d4 d5 3. Nc3 Nf6 4. Bg5 Be7 5. e5 Nfd7 6. h4 a6 7. Qg4 Bxg5 8. hxg5 Nf8 9. Bd3 g6 10. 0-0-0 Nc6 11. a3 b6 12. Nge2 Na5 13. b4 Nc6 14. f4 Qe7 15. Kb2 Bb7 16. Qf3 0-0-0 17. Qe3 Kb8 18. Rh2 Na7 19. g4 Rc8 20. Na4 Qd7 21. Nec3 Bc6 22. Kb3 Bb5 23. Nxb5 axb5 24. Nb2 c5 25. Ka2 cxb4 26. axb4 Qe7 27. Qd2 Nc6 28. c3 Na7 29. Ra1 Kb7 30. Rhh1 Nd7 31. Kb3 Rc7 32. f5 exf5 33. gxf5 Rcc8 34. Qg2 Nb8 35. Qxd5+ Nbc6 36. Qf3 Kb8 37. Qg3 Rc7 38. Rae1 gxf5 39. d5 Rd8 40. dxc6 Qe6+ 41. Kc2 Nxc6 42. Kd2 Qb3 43. Rb1 Nxb4 44. cxb4 Rc2+ 45. Ke3 Rxb2 46. Rbd1 Qc3 47. e6+ Kb7 48. Rh4 f4+ 49. Qxf4 Rxd3+ 50. Rxd3 Qe1+ 51. Kd4 Rxb4+ 0-1

[Event "Varna ETSCC 6th"]
[Site "Varna"]
[Date "2011.07.06"]
[Round "5.1"]
[White "Dyakov, Vladislav"]
[Black "Amrayeva, Aytan"]
[Result "0-1"]
[WhiteElo "1848"]
[BlackElo "1907"]
[PlyCount "71"]
[EventDate "2011.06.25"]
[EventType "swiss"]
[EventRounds "7"]
[EventCountry "BUL"]
[SourceTitle "EXT 2012"]
[Source "ChessBase"]
[SourceDate "2011.11.24"]
[SourceVersion "1"]
[SourceVersionDate "2011.11.24"]
[SourceQuality "1"]

1. e4 e6 2. d4 d5 3. Nc3 Nf6 4. Bg5 Be7 5. e5 Nfd7 6. Bxe7 Qxe7 7. f4 Nb6 8. Nf3 Nc6 9. Be2 Bd7 10. a3 h6 11. Qd2 0-0-0 12. b4 Rdg8 13. Na2 g5 14. g3 Nb8 15. Nc3 f6 16. b5 fxe5 17. dxe5 gxf4 18. gxf4 Rg2 19. Qe3 Rf8 20. a4 Qb4 21. a5 Nc4 22. Bxc4 Rxc2 23. Ra4 Qxc3+ 24. Qxc3 Rxc3 25. Be2 Rc1+ 26. Bd1 Bxb5 27. Rb4 a6 28. Rg1 c5 29. Rb2 Ba4 30. Rd2 Rxf4 31. Kf2 Bxd1 32. Rgxd1 Rc3 33. Rd3 Rxd3 34. Rxd3 Nc6 35. Ra3 Nxe5 36. Kg3 0-1

[Event "St Petersburg Spring op"]
[Site "St Petersburg"]
[Date "2011.03.28"]
[Round "6"]
[White "Elizarova, Taisia"]
[Black "Dyakov, Vladislav"]
[Result "0-1"]
[WhiteElo "1676"]
[BlackElo "1865"]
[PlyCount "99"]
[EventDate "2011.03.23"]
[EventType "swiss"]
[EventRounds "9"]
[EventCountry "RUS"]
[SourceTitle "CBM 141 Extra"]
[Source "ChessBase"]
[SourceDate "2011.05.03"]
[SourceVersion "1"]
[SourceVersionDate "2011.05.03"]
[SourceQuality "1"]

1. d4 Nf6 2. c4 g6 3. Nf3 Bg7 4. g3 0-0 5. Bg2 d6 6. 0-0 c6 7. Qc2 Qa5 8. Nc3 Qh5 9. Ne4 Nbd7 10. h3 Nxe4 11. Qxe4 Re8 12. g4 Qa5 13. Bd2 Qc7 14. Bc3 Nf6 15. Qd3 d5 16. Ne5 Be6 17. b3 Rad8 18. f4 c5 19. f5 dxc4 20. bxc4 cxd4 21. fxe6 fxe6 22. Bxd4 Nxg4 23. hxg4 Bxe5 24. e3 Bh2+ 25. Kh1 e5 26. Qe4 exd4 27. exd4 Rf8 28. Qxb7 Rxd4 29. Bd5+ Kg7 30. Rxf8 Kxf8 31. Rf1+ Kg7 32. Qa8 Rf4 33. Qg8+ Kh6 34. g5+ Kxg5 35. Rxf4 Bxf4 36. Qxh7 Qe5 37. Qh3 Qa1+ 38. Kg2 Qxa2+ 39. Kf1 Qb1+ 40. Ke2 Qc2+ 41. Kf1 Qd1+ 42. Kf2 Qd2+ 43. Kf1 Qe3 44. Qg2+ Kf6 45. Qb2+ e5 46. Qb8 Qd3+ 47. Kf2 Be3+ 48. Kg2 Qe2+ 49. Kh3 Qf1+ 50. Kh2 0-1